Datum a čas kvízu

26.5 Celkem bodů Celkový počet nahraných bodů na tomto kvízu bez doplňovacích otázek.
5. Pořadí na kvízu Konečné umístění týmu na tomto kvízu.

Zaznamenané odpovědi

# Otázka Odpověď Body Výsledky
1. Generálním ředitelem Úřadu prá... (Roman) Chlopčík 1
2. Koho si vybral Kim Čong-un jak... A 0
3. Napište jméno skotského herce... Iain Glen; Hra o trůny 0.5
4. Jedna automobilka představila... Ferrari 0
5. Na sociálních sítích jste mohl... B) krasobruslení 1
6. Hned v úvodu bod rozdělíme: za... Ulánbátar; Altaj 0.5
7. Mongolština může být zapisován... cyrilice (azbuka) 0
8. Jak se jmenuje hudební skupina... The Hu 0
9. Které náboženství je v Mongols... buddhismus (lamaismus) 0
10. Jak se jmenuje česká spisovate... Petra Hůlová 0